• 首页
  • 本馆介绍
  • 公告通知
  • 最新文献
  • 馆藏检索
  • 电子资源
  • 读者导购
  • 参考咨询
  • 我的图书馆
  • 登录
  • 详细信息显示
  • 放入我的书架
  • 预约/预借图书
  • 作者相关作品
  • 分类相关作品
  • 丛书相关作品
  • 出版社相关作品

书目信息

  • 表格格式
  • 工作单格式
  • 卡片格式
题名:
配位化学
    
 
作者: 罗勤慧 编著
分册:  
出版信息: 北京   科学出版社  2012.3
页数: 19,560页
开本: 24cm
丛书名: 现代化学基础丛书
单 册:
中图分类: O641.4
科图分类:
主题词: 络合物化学
电子资源:
ISBN: 978-7-03-033658-3
000 01033oam2 2200265 45
001 1360103093
005 20130530110344.22
010    @a978-7-03-033658-3@dCNY108.00
100    @a20130513d2012 em y0chiy50 ea
101 0  @achi
102    @aCN@b110000
105    @aa z 000yy
106    @ar
200 1  @a配位化学@APei Wei Hua Xue@f罗勤慧等编著@FLuo Qin Hui Deng Bian Zhu
210    @a北京@c科学出版社@d2012.3
215    @a19,560页@c图@d24cm
225 2  @a现代化学基础丛书@v27
300    @a“十一五”国家重点图书出版规划项目 中国科学院科学出版基金资助出版
330    @a全书共分12章,前7章是配位化学基本性质和应用,包括配合物的成键理论、热力学、动力学、光化学、磁化学等;后5章为经典配位化学发展,包括有机金属配合物、超分子配合物、有机金属骨架(MOF)等新型配合物在生命科学、绿色化学、分子器件、信息科学中的应用及其生长点。
461  0 @12001 @a现代化学基础丛书
606 0  @a络合物化学
690    @aO641.4@v5
701  0 @a罗勤慧@ALuo Qin Hui@4编著
801    @aCN@bTANGWEI@c20130523
905    @b0834326-28@dO641.4@e71@f3
    
    配位化学/罗勤慧等编著.-北京:科学出版社,2012.3
    19,560页:图;24cm.-(现代化学基础丛书;27)
    “十一五”国家重点图书出版规划项目 中国科学院科学出版基金资助出版
    
    ISBN 978-7-03-033658-3:CNY108.00
    全书共分12章,前7章是配位化学基本性质和应用,包括配合物的成键理论、热力学、动力学、光化学、磁化学等;后5章为经典配位化学发展,包括有机金属配合物、超分子配合物、有机金属骨架(MOF)等新型配合物在生命科学、绿色化学、分子器件、信息科学中的应用及其生长点。
●
相关链接 在E读中查询图书 在五车中查询图书 在当当中查询图书 在豆瓣中查询图书


正题名:配位化学     索取号:O641.4/71         预约/预借

序号 登录号 条形码 馆藏地/架位号 状态 备注
1 0834326   208343265   第二样本阅览室/ [索取号:O641.4/71] 在馆    
2 0834327   208343274   第三借阅区/ [索取号:O641.4/71] 在馆    
3 0834328   208343283   密集书库-化学系/ [索取号:O641.4/71] 在馆    
唐山师范学院图书馆 欢迎您!
大连网信软件有限公司© 版权所有